| 000 | 00602nam a22002051a 4500 | ||
|---|---|---|---|
| 001 | 83419 | ||
| 003 | BD-RjUL | ||
| 005 | 20240320104140.0 | ||
| 008 | 240320s1963 p ||||| |||| 00| 0 u d | ||
| 035 | _a(BD-RjUL)83419 | ||
| 040 |
_aBD-RjUL _beng _cBD-RjUL |
||
| 041 | _aurd | ||
| 082 |
_223 _a891.4394 _bCHC 1963 |
||
| 100 | 1 | 0 |
_aچغتائی٫ عصمت ;; chogai, Ismat _912435 |
| 245 |
_aچھوئی موئی ;; Choi Moi / _cby عصمت چغتائی ;; Asmat Chaghatai |
||
| 260 |
_aKarachi : _bUrdu Ekademy, _c1962 |
||
| 300 |
_a230 p. ; _c18 c,m |
||
| 650 |
_aUrdu _vessay _912422 |
||
| 942 |
_2ddc _cBK |
||
| 999 |
_c83419 _d83419 |
||